Statistics for サンライズ出雲・瀬戸号の停車駅

Click here to take the quiz!

General Stats

  • This quiz has been taken 568 times
  • The average score is 22 of 25

Answer Stats

Hint出雲・瀬戸号% Correct
出雲・瀬戸号東京
100%
横浜
99%
大阪
98%
熱海
98%
静岡
98%
岡山
98%
高松
97%
姫路
97%
出雲市
96%
浜松
96%
富士
93%
沼津
93%
三ノ宮
90%
米子
86%
松江
86%
瀬戸号児島
84%
坂出
83%
出雲号倉敷
82%
琴平
77%
新見
76%
備中高梁
76%
宍道
75%
臨時運転多度津
69%
安来
66%
善通寺
56%

Score Distribution

Percentile by Number Answered

Percent of People with Each Score

Your Score History

You have not taken this quiz